[Event "Training tournament"]
[Site "Victoria CAN"]
[Date "2008.10.12"]
[Round "2"]
[White "Gansvind, Valeriya"]
[Black "Moore, Harry"]
[Result "1/2-1/2"]
[WhiteElo "2310"]
[BlackElo "2265"]
[PlyCount "92"]
[GameId "2160767910311310"]
[EventDate "2008.10.09"]
[EventType "tourn"]
[EventRounds "6"]
[EventCountry "CAN"]

1. d4 Nf6 2. Bg5 Ne4 3. Bf4 c5 4. f3 Qa5+ 5. c3 Nf6 6. Nd2 cxd4 7. Nb3 Qf5 8. Bxb8 dxc3 9. g4 Qb5 10. Bg3 cxb2 11. Rb1 h5 12. Rxb2 hxg4 13. Qd2 gxf3 14. exf3 Qd5 15. Nd4 a6 16. Bg2 e5 17. Nde2 Qxd2+ 18. Kxd2 d6 19. Nc3 Nh5 20. Nd5 Nxg3 21. hxg3 Rxh1 22. Bxh1 Ra7 23. Nb6 Be6 24. f4 exf4 25. gxf4 g5 26. Ne2 Bh6 27. Ke3 Kd8 28. a4 a5 29. Rb5 gxf4+ 30. Nxf4 Kc7 31. Kf3 Bxf4 32. Kxf4 Ra6 33. Nd5+ Kb8 34. Nc3 Ra7 35. Rh5 Kc8 36. Rh8+ Kd7 37. Nb5 Ra6 38. Rb8 Rb6 39. Rxb7+ Rxb7 40. Bxb7 Bb3 41. Nc3 Kc7 42. Bd5 Bxd5 43. Nxd5+ Kc6 44. Ke4 Kc5 45. Nc3 Kc4 46. Nb5 Kb3 1/2-1/2

[Event "Training tournament"]
[Site "Victoria CAN"]
[Date "2008.10.16"]
[Round "3"]
[White "Moore, Harry"]
[Black "Gansvind, Valeriya"]
[Result "0-1"]
[WhiteElo "2265"]
[BlackElo "2310"]
[PlyCount "64"]
[GameId "2160767910311311"]
[EventDate "2008.10.09"]
[EventType "tourn"]
[EventRounds "6"]
[EventCountry "CAN"]

1. e4 c5 2. Nf3 a6 3. c3 d5 4. exd5 Nf6 5. d4 Qxd5 6. Be2 e6 7. O-O Nc6 8. Na3 cxd4 9. Nc4 Bc5 10. cxd4 Ba7 11. b3 O-O 12. Bb2 Rd8 13. Ne3 Qd6 14. Rc1 Qf8 15. Bd3 Ne7 16. Nc4 Bd7 17. Nce5 Ned5 18. Ng5 Be8 19. Qf3 h6 20. Ne4 Nd7 21. Rcd1 f5 22. Nxd7 Rxd7 23. Nc3 Nf6 24. Rde1 Bf7 25. d5 Nxd5 26. Nxd5 Rxd5 27. Bc4 Rd7 28. Rxe6 b5 29. Rg6 Bxc4 30. Rxg7+ Rxg7 31. Bxg7 Kxg7 32. Qb7+ Bf7 0-1

[Event "Training tournament"]
[Site "Victoria CAN"]
[Date "2008.10.19"]
[Round "4"]
[White "Gansvind, Valeriya"]
[Black "Moore, Harry"]
[Result "1-0"]
[WhiteElo "2310"]
[BlackElo "2265"]
[PlyCount "55"]
[GameId "2160767910311312"]
[EventDate "2008.10.09"]
[EventType "tourn"]
[EventRounds "6"]
[EventCountry "CAN"]

1. d4 Nf6 2. Bg5 Ne4 3. Bf4 c5 4. f3 Qa5+ 5. c3 Nf6 6. Nd2 cxd4 7. Nb3 Qf5 8. Bxb8 dxc3 9. e4 Nxe4 10. bxc3 Nxc3 11. Qc1 Qe6+ 12. Ne2 Rxb8 13. Qxc3 Qb6 14. Nd2 e6 15. Rb1 Qc6 16. Qb2 a6 17. Nd4 Qa4 18. N4b3 f6 19. Bd3 d5 20. O-O Bd6 21. Rfe1 O-O 22. Nf1 e5 23. Red1 e4 24. fxe4 dxe4 25. Bc4+ Qxc4 26. Rxd6 f5 27. Rc1 Qb4 28. Rc7 1-0

[Event "Training tournament"]
[Site "Victoria CAN"]
[Date "2008.10.23"]
[Round "5"]
[White "Patterson, Roger"]
[Black "Gansvind, Valeriya"]
[Result "1/2-1/2"]
[WhiteElo "2250"]
[BlackElo "2310"]
[PlyCount "143"]
[GameId "2160767910311313"]
[EventDate "2008.10.09"]
[EventType "tourn"]
[EventRounds "6"]
[EventCountry "CAN"]

1. e4 g6 2. d4 d6 3. f4 Bg7 4. Nf3 c6 5. Nc3 Bg4 6. Be3 b5 7. h3 b4 8. hxg4 bxc3 9. bxc3 Nf6 10. Nd2 Qa5 11. Bd3 Qxc3 12. Rb1 h5 13. gxh5 gxh5 14. Rb3 Qa5 15. c3 Ng4 16. Bg1 Nd7 17. Be2 Ngf6 18. Qb1 Kf8 19. Nc4 Qd8 20. e5 Nd5 21. g3 h4 22. Ne3 e6 23. Nxd5 exd5 24. g4 Nb6 25. Qf5 Qe7 26. Bf2 Kg8 27. g5 Nc4 28. Rxh4 Rxh4 29. Bxh4 dxe5 30. fxe5 Re8 31. Bxc4 dxc4 32. Rb2 c5 33. Rf2 Rf8 34. Qh3 cxd4 35. cxd4 Qb4+ 36. Kf1 c3 37. Qd3 Rb8 38. g6 Qb1+ 39. Qxb1 Rxb1+ 40. Kg2 fxg6 41. Bg5 Rd1 42. Rc2 Rxd4 43. Rxc3 Rg4+ 44. Rg3 Rxg3+ 45. Kxg3 Bxe5+ 46. Kf3 Kf7 47. Bh4 Ke6 48. Ke4 a6 49. a4 Bf6 50. Bg3 g5 51. Bc7 Be7 52. Bb6 Bd6 53. Be3 g4 54. Bf4 g3 55. Be3 Be5 56. Ba7 Bc3 57. Kf3 Be5 58. Ke4 Bc7 59. Be3 Kd6 60. Kf3 Kd5 61. Bd2 Kc4 62. a5 Kb5 63. Be1 g2 64. Kxg2 Bxa5 65. Bh4 Bb6 66. Kf3 a5 67. Ke2 Kc4 68. Kd2 Kb3 69. Kc1 Bd4 70. Kb1 a4 71. Be7 Bc3 72. Bd6 1/2-1/2

[Event "Training tournament"]
[Site "Victoria CAN"]
[Date "2008.10.26"]
[Round "6"]
[White "Gansvind, Valeriya"]
[Black "Patterson, Roger"]
[Result "1-0"]
[WhiteElo "2310"]
[BlackElo "2250"]
[PlyCount "59"]
[GameId "2160767910311314"]
[EventDate "2008.10.09"]
[EventType "tourn"]
[EventRounds "6"]
[EventCountry "CAN"]

1. d4 d5 2. Nf3 Nf6 3. e3 e6 4. Bd3 c5 5. b3 Nc6 6. O-O Bd6 7. Bb2 Qc7 8. Nbd2 cxd4 9. exd4 Nb4 10. Bb5+ Bd7 11. Bxd7+ Nxd7 12. c4 O-O 13. c5 Be7 14. Qe2 Nc6 15. a3 Rab8 16. b4 b5 17. Rfe1 a5 18. Bc3 axb4 19. axb4 Qb7 20. Nb3 Ra8 21. Na5 Nxa5 22. bxa5 Rfb8 23. Reb1 Qc6 24. g3 Rb7 25. Ra2 Bd8 26. Ne1 Nb8 27. Nd3 Bc7 28. Nb4 Qe8 29. Nxd5 Na6 30. Nb6 1-0

[Event "Trumpeter op"]
[Site "Grande Prairie CAN"]
[Date "2008.01.26"]
[Round "1"]
[White "Campbell, Dale"]
[Black "Pradzinski, Tim"]
[Result "0-1"]
[WhiteElo "1322"]
[BlackElo "1857"]
[PlyCount "78"]
[GameId "2160767910442380"]
[EventDate "2008.01.26"]
[EventType "swiss"]
[EventRounds "5"]
[EventCountry "CAN"]
[SourceTitle "EXT 2011"]
[Source "ChessBase"]
[SourceDate "2011.11.26"]
[SourceVersion "1"]
[SourceVersionDate "2011.11.26"]
[SourceQuality "1"]

1. e4 c5 2. Bc4 Nc6 3. Qh5 e6 4. Nf3 Nf6 5. Qh4 Be7 6. d3 d5 7. Bb3 b5 8. e5 Nd7 9. Qh5 g6 10. Qh6 Bf8 11. Qf4 c4 12. Ng5 Qe7 13. dxc4 dxc4 14. Bxc4 bxc4 15. Qxc4 Qb4+ 16. Nd2 Qxc4 17. Nxc4 Ncxe5 18. Na5 Bb4+ 19. Bd2 Bxd2+ 20. Kxd2 O-O 21. f4 Ng4 22. Nc6 Nb6 23. h3 Nf6 24. Rae1 Bb7 25. Ne7+ Kg7 26. f5 gxf5 27. Rhf1 Ne4+ 28. Nxe4 Bxe4 29. g4 Kf6 30. gxf5 Bxf5 31. Nc6 Rac8 32. Nd4 Rfd8 33. Ke3 Nc4+ 34. Kf4 Rxd4+ 35. Kg3 Rg8+ 36. Kh2 Rd2+ 37. Kh1 Rgg2 38. Rxf5+ exf5 39. Rf1 Rh2+ 0-1

[Event "Trumpeter op"]
[Site "Grande Prairie CAN"]
[Date "2008.01.26"]
[Round "1"]
[White "Caughlin, Wade"]
[Black "Braitanbach, Rick"]
[Result "1-0"]
[WhiteElo "1757"]
[BlackElo "1126"]
[PlyCount "49"]
[GameId "2160767910442381"]
[EventDate "2008.01.26"]
[EventType "swiss"]
[EventRounds "5"]
[EventCountry "CAN"]
[SourceTitle "EXT 2011"]
[Source "ChessBase"]
[SourceDate "2011.11.26"]
[SourceVersion "1"]
[SourceVersionDate "2011.11.26"]
[SourceQuality "1"]

1. e4 e5 2. Nf3 Nc6 3. Bb5 d6 4. d4 Bd7 5. O-O Nf6 6. Re1 Bg4 7. dxe5 Nd7 8. Bxc6 bxc6 9. exd6 Bxd6 10. h3 Bxf3 11. Qxf3 Ne5 12. Qe2 Rb8 13. b3 Qf6 14. Nc3 Bb4 15. Bb2 O-O 16. a3 Bxc3 17. Bxc3 Rfe8 18. Qe3 Rb7 19. f4 Nd3 20. Bxf6 Nxe1 21. Rxe1 gxf6 22. Qd4 Kg7 23. Re3 Re6 24. Rg3+ Kf8 25. Qd8+ 1-0

[Event "Trumpeter op"]
[Site "Grande Prairie CAN"]
[Date "2008.01.26"]
[Round "1"]
[White "Deimert, Elroy"]
[Black "MacKinnon, Keith"]
[Result "0-1"]
[WhiteElo "1594"]
[BlackElo "2081"]
[PlyCount "84"]
[GameId "2160767910442382"]
[EventDate "2008.01.26"]
[EventType "swiss"]
[EventRounds "5"]
[EventCountry "CAN"]
[SourceTitle "EXT 2011"]
[Source "ChessBase"]
[SourceDate "2011.11.26"]
[SourceVersion "1"]
[SourceVersionDate "2011.11.26"]
[SourceQuality "1"]

1. e4 c5 2. d4 cxd4 3. c3 dxc3 4. Nxc3 d6 5. Nf3 Nc6 6. Bc4 Nf6 7. e5 dxe5 8. Qxd8+ Nxd8 9. Nb5 Rb8 10. Nxe5 e6 11. Nc7+ Ke7 12. Bf4 Nh5 13. Be3 Kd6 14. Bxa7 Kxc7 15. Bxb8+ Kxb8 16. Rd1 Bb4+ 17. Ke2 f6 18. Nd3 Bd6 19. Rhe1 Nc6 20. Kf1 Re8 21. Bb5 Kc7 22. a3 Bd7 23. Re4 f5 24. Rc4 Nf6 25. Nb4 Bxb4 26. axb4 Kb6 27. Ba4 Re7 28. b5 Ne5 29. Rd6+ Ka5 30. Rc5 Ne4 31. Rxe5 Nxd6 32. Bb3 Kb4 33. Ba2 Bxb5+ 34. Ke1 Nc4 35. Re2 e5 36. Bb1 g6 37. Kd1 e4 38. Ba2 Ne5 39. Re3 Nd3 40. Re2 Rd7 41. Kc2 Rc7+ 42. Kd2 Nc1 0-1

[Event "Trumpeter op"]
[Site "Grande Prairie CAN"]
[Date "2008.01.26"]
[Round "1"]
[White "Hughey, Micah"]
[Black "Douglas, Trent"]
[Result "1-0"]
[WhiteElo "2056"]
[BlackElo "1483"]
[PlyCount "55"]
[GameId "2160767910442384"]
[EventDate "2008.01.26"]
[EventType "swiss"]
[EventRounds "5"]
[EventCountry "CAN"]
[SourceTitle "EXT 2011"]
[Source "ChessBase"]
[SourceDate "2011.11.26"]
[SourceVersion "1"]
[SourceVersionDate "2011.11.26"]
[SourceQuality "1"]

1. e4 e5 2. Nf3 Nc6 3. Bc4 Bc5 4. b4 Bxb4 5. c3 Bc5 6. d4 exd4 7. O-O Na5 8. Bd3 dxc3 9. Nxc3 d6 10. e5 Bg4 11. Qa4+ Qd7 12. Qxa5 Bxf3 13. gxf3 Qc6 14. Bb5 Ne7 15. Qxc7 O-O 16. Bxc6 bxc6 17. Qxe7 Rae8 18. Qd7 Bd4 19. Bd2 Rxe5 20. Qxd6 Rd5 21. Nxd5 Bxa1 22. Ne7+ Kh8 23. Ng6+ hxg6 24. Qxf8+ Kh7 25. Rxa1 f6 26. h4 c5 27. Rb1 g5 28. h5 1-0

[Event "Trumpeter op"]
[Site "Grande Prairie CAN"]
[Date "2008.01.26"]
[Round "1"]
[White "Kazakevich, Alexander"]
[Black "Rekhson, Vladislav"]
[Result "0-1"]
[WhiteElo "1635"]
[BlackElo "2106"]
[PlyCount "79"]
[GameId "2160767910442385"]
[EventDate "2008.01.26"]
[EventType "swiss"]
[EventRounds "5"]
[EventCountry "CAN"]
[SourceTitle "EXT 2011"]
[Source "ChessBase"]
[SourceDate "2011.11.26"]
[SourceVersion "1"]
[SourceVersionDate "2011.11.26"]
[SourceQuality "1"]

1. e4 c5 2. c3 d5 3. exd5 Qxd5 4. Nf3 Bg4 5. Be2 Nf6 6. d4 e6 7. O-O Nc6 8. Be3 cxd4 9. Nxd4 Bxe2 10. Qxe2 a6 11. Nxc6 Qxc6 12. Nd2 Bd6 13. h3 O-O 14. Nf3 Nd5 15. Bd4 Nf4 16. Qe3 Rfe8 17. Be5 Bxe5 18. Qxe5 Ng6 19. Qe3 e5 20. g3 f5 21. Nd2 f4 22. Qe4 Qd7 23. Nf3 fxg3 24. Qc4+ Kh8 25. Ng5 h6 26. Rad1 gxf2+ 27. Kh2 Qf5 28. Nf7+ Kh7 29. Nd6 Qf3 30. Rd2 Nf4 31. Qe4+ Qxe4 32. Nxe4 Rad8 33. Rfxf2 Rxd2 34. Rxd2 Re7 35. Kg3 g5 36. h4 Rg7 37. hxg5 Ne6 38. Rd6 Nxg5 39. Nf6+ Kg6 40. Kg4 0-1

[Event "Trumpeter op"]
[Site "Grande Prairie CAN"]
[Date "2008.01.26"]
[Round "1"]
[White "Kazakevich, Anastasia"]
[Black "Schech, Roland"]
[Result "1-0"]
[WhiteElo "2152"]
[BlackElo "1651"]
[PlyCount "75"]
[GameId "2160767910442386"]
[EventDate "2008.01.26"]
[EventType "swiss"]
[EventRounds "5"]
[EventCountry "CAN"]
[SourceTitle "EXT 2011"]
[Source "ChessBase"]
[SourceDate "2011.11.26"]
[SourceVersion "1"]
[SourceVersionDate "2011.11.26"]
[SourceQuality "1"]

1. d4 d5 2. c4 e5 3. dxe5 d4 4. Nf3 c5 5. e3 Nc6 6. exd4 cxd4 7. Bd3 Qc7 8. O-O h6 9. Bf4 g5 10. Bg3 Be6 11. Be4 O-O-O 12. Bd5 Qb6 13. Nbd2 Nge7 14. Bxe6+ fxe6 15. Ne4 Nf5 16. Rc1 Nxg3 17. hxg3 g4 18. c5 Qb4 19. Ne1 Nxe5 20. Nd3 Nxd3 21. Qxd3 Rd5 22. c6 Be7 23. cxb7+ Kxb7 24. Rc4 Qa5 25. Rfc1 Rd7 26. Nc5+ Bxc5 27. Qe4+ Kb6 28. Rxc5 Qxc5 29. Rxc5 Kxc5 30. Qe5+ Rd5 31. Qxh8 d3 32. Qc3+ Kd6 33. Qd2 h5 34. f3 a5 35. Kf2 Kc5 36. Qxa5+ Kd6 37. Qd2 Ke5 38. Qf4# 1-0

[Event "Trumpeter op"]
[Site "Grande Prairie CAN"]
[Date "2008.01.26"]
[Round "1"]
[White "Longson, Stan"]
[Black "Pedersen, Rick"]
[Result "0-1"]
[WhiteElo "1334"]
[BlackElo "1946"]
[PlyCount "96"]
[GameId "2160767910442388"]
[EventDate "2008.01.26"]
[EventType "swiss"]
[EventRounds "5"]
[EventCountry "CAN"]
[SourceTitle "EXT 2011"]
[Source "ChessBase"]
[SourceDate "2011.11.26"]
[SourceVersion "1"]
[SourceVersionDate "2011.11.26"]
[SourceQuality "1"]

1. e4 d6 2. Nf3 Nf6 3. Nc3 g6 4. Bc4 Bg7 5. d4 Nc6 6. O-O O-O 7. Bf4 Bg4 8. Be2 Nd7 9. Nd5 Bxf3 10. Bxf3 e6 11. Ne3 Nxd4 12. c3 Nxf3+ 13. Qxf3 e5 14. Bg3 f5 15. exf5 gxf5 16. Nxf5 Kh8 17. Qg4 Rf7 18. Ne3 Nf6 19. Qc4 Qd7 20. h3 Rg8 21. Rad1 Nh5 22. Bh2 Nf4 23. Ng4 h5 24. Ne3 Bh6 25. Bxf4 Bxf4 26. Nd5 c6 27. Nxf4 Rxf4 28. Qe2 Qxh3 29. g3 Rfg4 30. Rd3 e4 31. Re3 d5 32. Qd2 h4 33. Qd4+ R8g7 34. Qe5 hxg3 35. fxg3 Rxg3+ 36. Rxg3 Qxg3+ 37. Qxg3 Rxg3+ 38. Kh2 Rg7 39. Rf2 Kg8 40. Rg2 Rxg2+ 41. Kxg2 Kf7 42. Kg3 Ke6 43. Kf4 Kd6 44. b3 a5 45. a3 b5 46. c4 bxc4 47. bxc4 Kc5 48. cxd5 cxd5 0-1

[Event "Trumpeter op"]
[Site "Grande Prairie CAN"]
[Date "2008.01.26"]
[Round "1"]
[White "Pradzinski, Alex"]
[Black "Wong, Ford"]
[Result "0-1"]
[WhiteElo "1200"]
[BlackElo "1783"]
[PlyCount "72"]
[GameId "2160767910442389"]
[EventDate "2008.01.26"]
[EventType "swiss"]
[EventRounds "5"]
[EventCountry "CAN"]
[SourceTitle "EXT 2011"]
[Source "ChessBase"]
[SourceDate "2011.11.26"]
[SourceVersion "1"]
[SourceVersionDate "2011.11.26"]
[SourceQuality "1"]

1. e4 g6 2. Bc4 Bg7 3. Nf3 e6 4. O-O Nc6 5. c3 Nge7 6. d4 d5 7. Bd3 O-O 8. e5 b6 9. Bg5 Kh8 10. Bb5 Bd7 11. Qd3 Na5 12. h3 Bxb5 13. Qxb5 h6 14. Bf6 Bxf6 15. exf6 Ng8 16. Ne5 Nxf6 17. Nd2 Qe8 18. Qxe8 Nxe8 19. Ndf3 Nf6 20. b3 Kg7 21. c4 Rfd8 22. b4 Nxc4 23. Nxc4 dxc4 24. Rac1 b5 25. Rfd1 a5 26. a3 axb4 27. axb4 Nd5 28. Ra1 c3 29. Rxa8 Rxa8 30. Rc1 Ra4 31. Kf1 Rxb4 32. Ke1 Rb2 33. Kd1 Rxf2 34. h4 b4 35. Rc2 Ne3+ 36. Ke1 Rxc2 0-1

[Event "Trumpeter op"]
[Site "Grande Prairie CAN"]
[Date "2008.01.26"]
[Round "1"]
[White "Pua, Richard"]
[Black "Stone, Stephen"]
[Result "1-0"]
[WhiteElo "1952"]
[BlackElo "1408"]
[PlyCount "161"]
[GameId "2160767910442390"]
[EventDate "2008.01.26"]
[EventType "swiss"]
[EventRounds "5"]
[EventCountry "CAN"]
[SourceTitle "EXT 2011"]
[Source "ChessBase"]
[SourceDate "2011.11.26"]
[SourceVersion "1"]
[SourceVersionDate "2011.11.26"]
[SourceQuality "1"]

1. d4 g6 2. e4 Bg7 3. Nf3 d6 4. c3 Nf6 5. Bd3 O-O 6. O-O Bg4 7. h3 Bd7 8. Be3 Ne8 9. Qb3 Qc8 10. Kh2 Nc6 11. Na3 Kh8 12. Ng5 Nd8 13. f4 f6 14. Nf3 e6 15. g4 f5 16. gxf5 exf5 17. e5 c6 18. Rf2 b5 19. Rg1 Be6 20. Qd1 Qb7 21. b3 b4 22. Nb1 bxc3 23. Nxc3 Rc8 24. Ng5 Bg8 25. Bc4 d5 26. Bd3 Nc7 27. Na4 Nce6 28. h4 Nxg5 29. hxg5 Ne6 30. Qc2 Rf7 31. Nc5 Nxc5 32. dxc5 Rd7 33. Bd4 Be6 34. Qc3 Bf8 35. Qa5 Rb8 36. Rb1 Qb4 37. Qxb4 Rxb4 38. Bc3 Rb8 39. b4 d4 40. Be1 Rdb7 41. Ba6 Rd7 42. Bd3 a5 43. a3 Bd5 44. Rfb2 a4 45. Bc2 Be4 46. Bxa4 Bxb1 47. Rxb1 Ra7 48. Bxc6 Rxa3 49. Rd1 d3 50. e6 Rd8 51. Bd7 Kg7 52. Bf2 Rb8 53. b5 Ra2 54. Kg3 d2 55. Bd4+ Kg8 56. Be3 Rc2 57. Kf3 Ra8 58. Rxd2 Rxd2 59. Bxd2 Bxc5 60. b6 Rb8 61. Ba5 Kf8 62. Bc6 Bxb6 63. Bb4+ Kg7 64. Bc3+ Kf8 65. Bb4+ Kg7 66. Bc3+ Kg8 67. Bd5 Kf8 68. Bf6 Bc5 69. Be5 Rd8 70. Bc4 Ke7 71. Bf6+ Ke8 72. Bb5+ Kf8 73. Bxd8 Be7 74. Bxe7+ Kxe7 75. Bc4 Kd6 76. Ke3 Ke7 77. Kd4 Kd6 78. Bb3 Ke7 79. Ke5 Kf8 80. Kf6 Ke8 81. Ba4+ 1-0

[Event "Trumpeter op"]
[Site "Grande Prairie CAN"]
[Date "2008.01.26"]
[Round "1"]
[White "Quiring, John"]
[Black "MacKinnon, Don"]
[Result "1-0"]
[WhiteElo "1848"]
[BlackElo "1268"]
[PlyCount "67"]
[GameId "2160767910442391"]
[EventDate "2008.01.26"]
[EventType "swiss"]
[EventRounds "5"]
[EventCountry "CAN"]
[SourceTitle "EXT 2011"]
[Source "ChessBase"]
[SourceDate "2011.11.26"]
[SourceVersion "1"]
[SourceVersionDate "2011.11.26"]
[SourceQuality "1"]

1. e4 e6 2. d4 d5 3. Nd2 c5 4. c3 Nd7 5. Bd3 g6 6. Ne2 cxd4 7. exd5 exd5 8. O-O dxc3 9. Nxc3 Bg7 10. Re1+ Ne7 11. Nxd5 Ne5 12. Bb5+ Bd7 13. Qb3 O-O 14. Nxe7+ Qxe7 15. Nc4 Bxb5 16. Nxe5 Bc6 17. Bf4 Qe6 18. Nxc6 Qxb3 19. Ne7+ Kh8 20. axb3 Bxb2 21. Be5+ Bxe5 22. Rxe5 Rad8 23. h3 a6 24. Rae1 Rd3 25. b4 Rb3 26. Nd5 Kg7 27. Re8 Rxe8 28. Rxe8 Rb1+ 29. Kh2 Rb2 30. Kg3 Rb3+ 31. f3 h6 32. Rb8 b5 33. Ra8 Ra3 34. Nc7 1-0

[Event "Trumpeter op"]
[Site "Grande Prairie CAN"]
[Date "2008.01.26"]
[Round "1"]
[White "Stone, Garry"]
[Black "Regimbald, Adrien"]
[Result "0-1"]
[WhiteElo "1427"]
[BlackElo "1976"]
[PlyCount "118"]
[GameId "2160767910442392"]
[EventDate "2008.01.26"]
[EventType "swiss"]
[EventRounds "5"]
[EventCountry "CAN"]
[SourceTitle "EXT 2011"]
[Source "ChessBase"]
[SourceDate "2011.11.26"]
[SourceVersion "1"]
[SourceVersionDate "2011.11.26"]
[SourceQuality "1"]

1. e4 e6 2. Nf3 d5 3. e5 c5 4. Bb5+ Bd7 5. O-O Bxb5 6. Re1 Nh6 7. d3 Nf5 8. Nc3 Bd7 9. a4 a6 10. b3 Nc6 11. g3 Be7 12. Ne2 Qc7 13. Bb2 O-O 14. Qd2 b5 15. Qf4 Rac8 16. Qg4 d4 17. Nf4 g6 18. Bc1 Nb4 19. Re2 Bc6 20. Nh4 Bxh4 21. gxh4 Qe7 22. h5 Qh4 23. h3 Qxg4+ 24. hxg4 Nh4 25. Kh2 g5 26. Nh3 h6 27. Kg3 Nf3 28. axb5 axb5 29. Ra7 f5 30. exf6 Rf7 31. Rxf7 Kxf7 32. Bb2 Ra8 33. c3 Nxd3 34. cxd4 Nxb2 35. Rxb2 cxd4 36. Rc2 Bd5 37. Rc5 Nd2 38. Rxb5 Ne4+ 39. Kh2 d3 40. Rb4 d2 41. Rd4 Ra1 42. Ng1 d1=Q 43. Rxd1 Rxd1 44. f3 Nd2 45. Kg2 Nxf3 46. Nxf3 Bxf3+ 47. Kxf3 Rd3+ 48. Ke4 Rxb3 49. Ke5 Rb5+ 50. Kd6 Rd5+ 51. Kc7 Kxf6 52. Kb7 Rc5 53. Kb6 Rc8 54. Kb5 Ke5 55. Kb4 Kd5 56. Kb3 Kd4 57. Kb4 Rb8+ 58. Ka5 Kc4 59. Ka4 Ra8# 0-1

[Event "Trumpeter op"]
[Site "Grande Prairie CAN"]
[Date "2008.01.26"]
[Round "1"]
[White "Stutzman, Larry"]
[Black "Hansen, Eric"]
[Result "0-1"]
[WhiteElo "1661"]
[BlackElo "2286"]
[PlyCount "64"]
[GameId "2160767910442393"]
[EventDate "2008.01.26"]
[EventType "swiss"]
[EventRounds "5"]
[EventCountry "CAN"]
[SourceTitle "EXT 2011"]
[Source "ChessBase"]
[SourceDate "2011.11.26"]
[SourceVersion "1"]
[SourceVersionDate "2011.11.26"]
[SourceQuality "1"]

1. c4 e5 2. Nc3 Nf6 3. d3 Nc6 4. g3 Bc5 5. Bg2 O-O 6. Nf3 h6 7. O-O d6 8. Na4 Bb6 9. a3 Be6 10. Nxb6 axb6 11. b4 Nxb4 12. Bxh6 Nxd3 13. exd3 gxh6 14. Nh4 c6 15. f4 Ra5 16. Qd2 Kg7 17. Qc3 Ng4 18. Rae1 d5 19. h3 d4 20. Qc1 Ne3 21. Rxe3 dxe3 22. Qxe3 Qd4 23. Qxd4 exd4 24. f5 Bd7 25. f6+ Kh7 26. Be4+ Kg8 27. Nf3 Rxa3 28. Ne5 Bxh3 29. Rf4 Be6 30. Rh4 Rfa8 31. Rxh6 Ra1+ 32. Kf2 R8a2+ 0-1

[Event "Trumpeter op"]
[Site "Grande Prairie CAN"]
[Date "2008.01.26"]
[Round "1"]
[White "Tot, Nandor"]
[Black "Miller, David"]
[Result "1-0"]
[WhiteElo "1929"]
[BlackElo "1330"]
[PlyCount "81"]
[GameId "2160767910442394"]
[EventDate "2008.01.26"]
[EventType "swiss"]
[EventRounds "5"]
[EventCountry "CAN"]
[SourceTitle "EXT 2011"]
[Source "ChessBase"]
[SourceDate "2011.11.26"]
[SourceVersion "1"]
[SourceVersionDate "2011.11.26"]
[SourceQuality "1"]

1. Nf3 Nf6 2. c4 e6 3. d4 b6 4. a3 Bb7 5. Nc3 Be7 6. Bf4 O-O 7. Qc2 h6 8. e4 d6 9. Be2 Nbd7 10. Rd1 Nh5 11. Be3 Rc8 12. O-O c5 13. dxc5 bxc5 14. Rd2 Ndf6 15. h3 d5 16. exd5 exd5 17. Nxd5 Nxd5 18. cxd5 Bxd5 19. Ne5 Nf6 20. Bf3 Qd6 21. Ng4 Rfd8 22. Nxf6+ Bxf6 23. Rxd5 Qb6 24. b4 Rxd5 25. Bxd5 Bd4 26. Bxd4 Qd6 27. Bxf7+ Kxf7 28. Qf5+ Ke7 29. Bxc5 Rxc5 30. Qxc5 Qxc5 31. bxc5 Kd7 32. Rc1 a5 33. c6+ Kc7 34. f4 a4 35. g4 h5 36. g5 h4 37. f5 g6 38. f6 Kd8 39. c7+ Ke8 40. c8=Q+ Kf7 41. Rc7# 1-0

[Event "Trumpeter op"]
[Site "Grande Prairie CAN"]
[Date "2008.01.26"]
[Round "1"]
[White "Yearwood, Roy"]
[Black "White, Chris"]
[Result "1-0"]
[WhiteElo "2101"]
[BlackElo "1634"]
[PlyCount "45"]
[GameId "2160767910442395"]
[EventDate "2008.01.26"]
[EventType "swiss"]
[EventRounds "5"]
[EventCountry "CAN"]
[SourceTitle "EXT 2011"]
[Source "ChessBase"]
[SourceDate "2011.11.26"]
[SourceVersion "1"]
[SourceVersionDate "2011.11.26"]
[SourceQuality "1"]

1. e4 e6 2. d4 d5 3. Nd2 dxe4 4. Nxe4 Nd7 5. Bd3 Ngf6 6. Nf3 b6 7. Nxf6+ gxf6 8. Be4 Rb8 9. Qe2 Bb7 10. Bf4 Bd6 11. Bh6 Ke7 12. O-O-O Qg8 13. Bxb7 Rxb7 14. Nh4 Nf8 15. f4 Ng6 16. Nf5+ Kd8 17. Nxd6 cxd6 18. f5 Ne7 19. fxe6 Nc6 20. Qf3 Qg6 21. Qxc6 Rc7 22. e7+ Rxe7 23. Qxd6+ 1-0

[Event "Trumpeter op"]
[Site "Grande Prairie CAN"]
[Date "2008.01.26"]
[Round "2"]
[White "Campbell, Dale"]
[Black "Kazakevich, Alexander"]
[Result "0-1"]
[WhiteElo "1322"]
[BlackElo "1635"]
[PlyCount "74"]
[GameId "2160767910442397"]
[EventDate "2008.01.26"]
[EventType "swiss"]
[EventRounds "5"]
[EventCountry "CAN"]
[SourceTitle "EXT 2011"]
[Source "ChessBase"]
[SourceDate "2011.11.26"]
[SourceVersion "1"]
[SourceVersionDate "2011.11.26"]
[SourceQuality "1"]

1. e4 d5 2. e5 Bf5 3. d4 e6 4. h4 c5 5. Bg5 Qb6 6. b3 cxd4 7. Nf3 Bc5 8. a4 Nc6 9. Bd2 a5 10. c4 dxc3 11. Nxc3 Bxf2+ 12. Ke2 Nge7 13. Nb5 O-O 14. Qc1 Rac8 15. Kd1 Nb4 16. Bc3 d4 17. Nbxd4 Rfd8 18. Qd2 Bc2+ 19. Ke2 Bxd4 20. Bxd4 Qc6 21. Kf2 Nf5 22. Bc4 Nxd4 23. Nxd4 Qc5 24. Ke3 Qxe5+ 25. Kf2 Rxd4 26. Qe3 Rf4+ 27. Ke2 Re4 28. Rh3 Rxe3+ 29. Rxe3 Qh5+ 30. Kd2 Rd8+ 31. Kc3 Qxh4 32. Kb2 Qd4+ 33. Rc3 Qd2 34. Rc1 Bxb3+ 35. R3c2 Bxc2 36. Ba2 Be4+ 37. Ka3 Qxa2# 0-1

[Event "Trumpeter op"]
[Site "Grande Prairie CAN"]
[Date "2008.01.26"]
[Round "2"]
[White "Caughlin, Wade"]
[Black "Hughey, Micah"]
[Result "0-1"]
[WhiteElo "1757"]
[BlackElo "2056"]
[PlyCount "48"]
[GameId "2160767910442398"]
[EventDate "2008.01.26"]
[EventType "swiss"]
[EventRounds "5"]
[EventCountry "CAN"]
[SourceTitle "EXT 2011"]
[Source "ChessBase"]
[SourceDate "2011.11.26"]
[SourceVersion "1"]
[SourceVersionDate "2011.11.26"]
[SourceQuality "1"]

1. e4 e5 2. Nf3 Nc6 3. Bb5 a6 4. Ba4 Nf6 5. O-O Be7 6. Re1 b5 7. Bb3 Bb7 8. c3 d5 9. exd5 Nxd5 10. d4 exd4 11. Nxd4 Nxd4 12. Qxd4 O-O 13. Nd2 c5 14. Qg4 Qc7 15. Ne4 f5 16. Qh3 c4 17. Bc2 fxe4 18. Bxe4 Nf6 19. Qe6+ Kh8 20. Bxb7 Qxb7 21. Bg5 Rae8 22. Rad1 Bc5 23. Qf5 Ne4 24. Rxe4 Qxe4 0-1